003700000a220010900045001000033000002450041000333000048000747730023001229420008001459520090001539990017002431 aLima Silva, Silvia Regina de10aQue canten las niñas y los niños aVol. 17, Num 1 (Junio, 1997), Páginas 3-40 tVida y pensamiento cANA 001040708HEMaFUSBCbFUSBCd2016-01-26l0o r2016-01-26 00:00:00w2016-01-26yANA c53066d53066